<?xml version="1.0" encoding="UTF-8"?><?xml-stylesheet type="text/xsl" href="static/style.xsl"?><OAI-PMH xmlns="http://www.openarchives.org/OAI/2.0/" xmlns:xsi="http://www.w3.org/2001/XMLSchema-instance" xsi:schemaLocation="http://www.openarchives.org/OAI/2.0/ http://www.openarchives.org/OAI/2.0/OAI-PMH.xsd"><responseDate>2026-04-17T19:01:45Z</responseDate><request verb="GetRecord" identifier="oai:www.recercat.cat:10256/22174" metadataPrefix="marc">https://recercat.cat/oai/request</request><GetRecord><record><header><identifier>oai:recercat.cat:10256/22174</identifier><datestamp>2024-05-22T11:33:19Z</datestamp><setSpec>com_2072_452966</setSpec><setSpec>com_2072_2054</setSpec><setSpec>col_2072_452968</setSpec></header><metadata><record xmlns="http://www.loc.gov/MARC21/slim" xmlns:dcterms="http://purl.org/dc/terms/" xmlns:xsi="http://www.w3.org/2001/XMLSchema-instance" xmlns:doc="http://www.lyncode.com/xoai" xsi:schemaLocation="http://www.loc.gov/MARC21/slim http://www.loc.gov/standards/marcxml/schema/MARC21slim.xsd">
   <leader>00925njm 22002777a 4500</leader>
   <datafield ind2=" " ind1=" " tag="042">
      <subfield code="a">dc</subfield>
   </datafield>
   <datafield ind2=" " ind1=" " tag="720">
      <subfield code="a">Rica Pastor, Alba</subfield>
      <subfield code="e">author</subfield>
   </datafield>
   <datafield ind2=" " ind1=" " tag="260">
      <subfield code="c">2022</subfield>
   </datafield>
   <datafield ind2=" " ind1=" " tag="520">
      <subfield code="a">Introduction&#xd;
Kidney disease has become an increasingly common and prevalent condition in&#xd;
the population as a result of increased life expectancy. This has led to a gradual&#xd;
increase in the percentage of this population being treated. There are two main&#xd;
modalities: the replacement method (dialysis) or transplantation. In recent years,&#xd;
the method most praised and valued for its favorable results, both physiologically&#xd;
and psychologically, has been transplantation. However, rejection or failure of the&#xd;
transplanted organ is one of the most feared complications with an overall&#xd;
incidence of 5% to 10%, when the person is again in a critical situation and where&#xd;
the perception of its quality of life along with their anxiety levels can be altered.&#xd;
&#xd;
Objective&#xd;
&#xd;
Assess the quality of life and anxiety level of people with kidney transplantation&#xd;
in who have dealt with failed organ transplant</subfield>
   </datafield>
   <datafield ind2=" " ind1=" " tag="520">
      <subfield code="a">Introducció&#xd;
La malaltia renal ha esdevingut una patologia cada cop més comuna i prevalent&#xd;
en la població com a conseqüència de l’augment de l’esperança de vida. Aquest&#xd;
fet ha provocat que, progressivament, un major percentatge d’aquesta població&#xd;
es vegi sotmesa a tractament. Hi ha dues modalitats principals: el mètode&#xd;
substitutiu (diàlisi) o el trasplantament. En els últims anys, el mètode més lloat i&#xd;
valorat pels seus favorables resultats, tant a nivell fisiològic com psicològic, ha&#xd;
estat el trasplantament. Tot i així, el rebuig o fracàs de l’injert és una de les&#xd;
complicacions més temudes amb una incidència global del 5% al 10%, moment&#xd;
en què la persona es troba novament en una situació crítica i on la percepció de&#xd;
la seva qualitat de vida juntament amb els seus nivells d’ansietat es poden veure&#xd;
alterats.&#xd;
Objectiu&#xd;
Avaluar la qualitat de vida i el nivell d’ansietat de les persones amb&#xd;
trasplantament renal en situació de fracàs de l’òrgan trasplantat</subfield>
   </datafield>
   <datafield ind1="8" ind2=" " tag="024">
      <subfield code="a">http://hdl.handle.net/10256/22174</subfield>
   </datafield>
   <datafield tag="653" ind2=" " ind1=" ">
      <subfield code="a">Ronyons -- Trasplantació -- Aspectes psicològics</subfield>
   </datafield>
   <datafield tag="653" ind2=" " ind1=" ">
      <subfield code="a">Kidneys -- Transplantation -- Psychological aspects</subfield>
   </datafield>
   <datafield tag="653" ind2=" " ind1=" ">
      <subfield code="a">Insuficiència renal crònica -- Aspectes psicològics</subfield>
   </datafield>
   <datafield tag="653" ind2=" " ind1=" ">
      <subfield code="a">Chronic renal failure -- Psychological aspects</subfield>
   </datafield>
   <datafield tag="653" ind2=" " ind1=" ">
      <subfield code="a">Qualitat de vida</subfield>
   </datafield>
   <datafield tag="653" ind2=" " ind1=" ">
      <subfield code="a">Quality of life</subfield>
   </datafield>
   <datafield tag="653" ind2=" " ind1=" ">
      <subfield code="a">Ansietat</subfield>
   </datafield>
   <datafield tag="653" ind2=" " ind1=" ">
      <subfield code="a">Anxiety</subfield>
   </datafield>
   <datafield ind2="0" ind1="0" tag="245">
      <subfield code="a">Qualitat de vida i ansietat percebudes en persones en situació de fracàs del trasplantament renal: projecte de recerca</subfield>
   </datafield>
</record></metadata></record></GetRecord></OAI-PMH>